01433nam a22002297a 4500999001700000003000400017005001700021008004100038040001700079050001400096082001400110245001600124260002800140300001200168500016500180653061000345856001300955942001300968953000600981952010800987952010801095 c28963d28963OSt20260430122508.0260430b ||||| |||| 00| 0 eng d aBSHUAbShqip b05:7/Gro. b05:7/Gro. aGrounds #1  aAntwerp:bSLARG,c2025. a72 f.;  aContributor(s): Bianca Baldi , Pierre-Antoine Vettorello , Việt Vũ (Phạm Quang Trung) , Imane B. K. , Tundé Adefioye , Robin Vanbesien , Joud Toamah  aRevistat - Revista e huaj - Reviste vjetore kerkimore - Kerkimi artistik - Grupi Kërkimor i Sint Lucas Antwerp (SLARG) - Artikuj - aGjuha angleze - aThe Mumkinat of Remembrance by Joud Toamah - Strolling Through the Eccentric Space: Unveiling the Potential Photo-History of Khady Diop in La Goutte d’Or by Pierre-Antoine Vettorello - aReverb-Resonate: The Undercurrents by Monda Hedayati - Ciné Place-Making — hold on to her by Robin Vanbesien - aFilm Censorship in Vietnam: A Conflict of Sociocultural and National Identity Re-Coding by Việt Vũ - Parable of a Sunfish by Bianca Baldi - yFulltext 2udccSER a0 00102udc4070aUArtLib2bUArtLib2d2026-04-30g1000.00o05:7/Gro.p 3461r2026-04-30w2026-04-30ySER 00102udc4070aUArtLib2bUArtLib2d2026-04-30g1000.00o05:7/Gro.p 3462r2026-04-30w2026-04-30ySER